| 000 | 00692nam a22002534a 4500 | ||
|---|---|---|---|
| 001 | 36865 | ||
| 003 | BD-RjUL | ||
| 005 | 20211209052543.0 | ||
| 008 | 140921s2000 maua 001 0 eng | ||
| 020 | _a0075409232 | ||
| 035 | _a(BD-RjUL) | ||
| 040 |
_aDLC _cDLC _dDLC _beng |
||
| 041 | _aeng | ||
| 082 | 0 | 0 |
_a576.5 _221 |
| 245 | 0 | 0 |
_aGenetics : _bfrom genes to genomes / _cLeland Hartwell ... [et al.]. |
| 260 |
_aBoston : _bMcGraw-Hill, _cc2000. |
||
| 300 |
_axxiii, 813 p. : _bill. (some col.) ; _c28 cm. |
||
| 500 | _aIncludes index. | ||
| 650 | 0 |
_aGenetics. _9112490 |
|
| 700 | 1 |
_aHartwell, Leland. _9112491 |
|
| 942 |
_2ddc _cBK |
||
| 999 |
_c36865 _d36865 |
||